|
|
|
|
| LEADER |
00000caa a22000002c 4500 |
| 001 |
1525853600 |
| 003 |
DE-627 |
| 005 |
20220604104712.0 |
| 007 |
tu |
| 008 |
160223s1993 xx ||||| 00| ||eng c |
| 020 |
|
|
|a 1560000465
|
| 035 |
|
|
|a (DE-627)1525853600
|
| 035 |
|
|
|a (DE-576)455853606
|
| 035 |
|
|
|a (DE-599)BSZ455853606
|
| 040 |
|
|
|a DE-627
|b ger
|c DE-627
|e rakwb
|
| 041 |
|
|
|a eng
|
| 100 |
1 |
|
|a Fagan, Jeffrey
|0 (DE-588)1064352596
|0 (DE-627)813154219
|0 (DE-576)165222484
|4 aut
|
| 109 |
|
|
|a Fagan, Jeffrey
|a Fagan, Jeffrey A.
|a Fagan, Jeffrey Alan
|a Fagan, Jeff
|
| 245 |
1 |
4 |
|a The social control of spouse assault
|c Jeffrey Fagan
|
| 264 |
|
1 |
|c 1993
|
| 336 |
|
|
|a Text
|b txt
|2 rdacontent
|
| 337 |
|
|
|a ohne Hilfsmittel zu benutzen
|b n
|2 rdamedia
|
| 338 |
|
|
|a Band
|b nc
|2 rdacarrier
|
| 773 |
0 |
8 |
|i In
|t New directions in criminological theory
|d New Brunswick, NJ [u.a.] : Transaction Publishers, 1992
|g (1993), Seite 187-236
|h VII, 406 S.
|w (DE-627)161062940X
|w (DE-576)03103814X
|z 1560000465
|7 nnam
|
| 773 |
1 |
8 |
|g year:1993
|g pages:187-236
|
| 935 |
|
|
|a mkri
|
| 951 |
|
|
|a AR
|
| ELC |
|
|
|b 1
|
| LOK |
|
|
|0 000 xxxxxcx a22 zn 4500
|
| LOK |
|
|
|0 001 2899317482
|
| LOK |
|
|
|0 003 DE-627
|
| LOK |
|
|
|0 004 1525853600
|
| LOK |
|
|
|0 005 20260206094904
|
| LOK |
|
|
|0 008 160208||||||||||||||||ger|||||||
|
| LOK |
|
|
|0 040
|a DE-21-110
|c DE-627
|d DE-21-110
|
| LOK |
|
|
|0 689
|a s
|a Gewalt in der Ehe
|
| LOK |
|
|
|0 689
|a s
|a Soziale Kontakte
|
| LOK |
|
|
|0 852
|a DE-21-110
|
| LOK |
|
|
|0 852 1
|m p
|9 00
|
| LOK |
|
|
|0 935
|a k110
|
| LOK |
|
|
|0 938
|k p
|
| LOK |
|
|
|0 939
|a 08-02-16
|b l01
|
| ORI |
|
|
|a WA-MARC-krimdoka001.raw
|